| 000 | 00453nam a22001457a 4500 | ||
|---|---|---|---|
| 999 |
_c12507 _d12507 |
||
| 008 | 241001b 2023 ||||| |||| 00| 0 eng d | ||
| 020 | _a9789280117523 | ||
| 082 |
_a344.0463 _bIMO |
||
| 110 | _aIMO - International Maritime Organization | ||
| 245 |
_aMARPOL : annex VI and NTC 2008 _bwith guidelines for implementation |
||
| 250 | _a5th ed. | ||
| 260 |
_aLondon _bIMO - International Maritime Organization _c2023 |
||
| 300 | _ax, 523p. | ||
| 942 | _cBK | ||